[Event "Rewal op-B 16th"]
[Site "Rewal"]
[Date "2011.08.26"]
[Round "7"]
[White "Karcz, Bartlomiej"]
[Black "Jaskolka, Tomasz"]
[Result "0-1"]
[WhiteElo "1943"]
[BlackElo "2003"]
[PlyCount "68"]
[EventDate "2011.08.18"]
[EventType "swiss"]
[EventRounds "9"]
[EventCountry "POL"]
[SourceTitle "CBM 144 Extra"]
[Source "ChessBase"]
[SourceDate "2011.10.28"]
[SourceVersion "1"]
[SourceVersionDate "2011.10.28"]
[SourceQuality "1"]

1. e4 e5 2. Nc3 Bc5 3. f4 d6 4. Nf3 Nc6 5. Bb5 Bd7 6. d3 Nf6 7. Qe2 Nd4 8. Nxd4 Bxd4 9. Bxd7+ Qxd7 10. Bd2 b5 11. Nd5 Bxb2 12. Rb1 Bd4 13. fxe5 Bxe5 14. Rxb5 Nxd5 15. Rxd5 Qa4 16. 0-0 0-0 17. Qd1 a5 18. c4 Qxa2 19. Rb5 Rfb8 20. Qf3 f6 21. Rxb8+ Rxb8 22. Be3 c5 23. Qg4 Qb2 24. Kh1 a4 25. Bh6 Qb7 26. Bc1 Qc8 27. Qd1 Qa6 28. Rf2 Rb1 29. Qc2 Qb7 30. g3 Qb3 31. Kg2 Qxc2 32. Rxc2 Rxc1 33. Rxc1 a3 34. Rc2 Bb2 0-1

[Event "Rewal op-B 16th"]
[Site "Rewal"]
[Date "2011.08.24"]
[Round "5"]
[White "Karcz, Bartlomiej"]
[Black "Karwowski, Kacper"]
[Result "1-0"]
[WhiteElo "1943"]
[BlackElo "1729"]
[PlyCount "85"]
[EventDate "2011.08.18"]
[EventType "swiss"]
[EventRounds "9"]
[EventCountry "POL"]
[SourceTitle "CBM 144 Extra"]
[Source "ChessBase"]
[SourceDate "2011.10.28"]
[SourceVersion "1"]
[SourceVersionDate "2011.10.28"]
[SourceQuality "1"]

1. e4 c5 2. Nf3 Nc6 3. d4 cxd4 4. Nxd4 e6 5. Nc3 a6 6. Be3 Qc7 7. Be2 Nf6 8. 0-0 Bb4 9. Bd3 Bxc3 10. bxc3 Ne5 11. f4 Nc4 12. Bd2 b6 13. Qe2 Nxd2 14. Qxd2 Bb7 15. e5 Ne4 16. Bxe4 Bxe4 17. Rae1 Bd5 18. f5 0-0-0 19. a4 Kb7 20. Qe3 Rc8 21. fxe6 dxe6 22. Qf4 Rhf8 23. Re3 f6 24. exf6 Qxf4 25. Rxf4 Rxf6 26. Rxf6 gxf6 27. Nxe6 Re8 28. Nc5+ bxc5 29. Rxe8 Bc6 30. Re7+ Kb6 31. Rxh7 Bxa4 32. Rh6 Bxc2 33. Rxf6+ Kb5 34. c4+ Kxc4 35. Rxa6 Kc3 36. Kf2 c4 37. Ke3 Bb3 38. Rc6 Bc2 39. g4 Bd3 40. h4 Kb2 41. Kd4 Be2 42. g5 Bh5 43. Rxc4 1-0

[Event "Rewal op-B 16th"]
[Site "Rewal"]
[Date "2011.08.22"]
[Round "3"]
[White "Karcz, Bartlomiej"]
[Black "Zielinski, Wojciech"]
[Result "0-1"]
[WhiteElo "1943"]
[BlackElo "2097"]
[PlyCount "136"]
[EventDate "2011.08.18"]
[EventType "swiss"]
[EventRounds "9"]
[EventCountry "POL"]
[SourceTitle "CBM 144 Extra"]
[Source "ChessBase"]
[SourceDate "2011.10.28"]
[SourceVersion "1"]
[SourceVersionDate "2011.10.28"]
[SourceQuality "1"]

1. e4 c5 2. Nf3 e6 3. d4 cxd4 4. Nxd4 Nf6 5. Nc3 Nc6 6. Bg5 h6 7. Bh4 Be7 8. Be2 0-0 9. 0-0 a6 10. f4 Qc7 11. e5 Nxd4 12. exf6 Bc5 13. Kh1 g6 14. Bd3 b5 15. Qg4 Nf5 16. Bxf5 exf5 17. Qh3 Bb7 18. Bf2 h5 19. Bxc5 Qxc5 20. Rad1 Rfe8 21. Qd3 b4 22. Nd5 Bxd5 23. Qxd5 Qxc2 24. Rd2 Qc7 25. Rd4 Rac8 26. Rxb4 Re2 27. Rb7 Qxf4 28. Rg1 Qe3 29. Rxd7 Qxg1+ 30. Kxg1 Rc1+ 31. Qd1 Rxd1+ 32. Rxd1 Re6 33. Rd8+ Kh7 34. Rd7 Rxf6 35. b4 Kg7 36. a4 Rb6 37. Ra7 Kf6 38. a5 Rxb4 39. Rxa6+ Kg5 40. Ra7 Ra4 41. Kf2 Kf4 42. Rxf7 Rxa5 43. Rf6 Ra2+ 44. Kf1 g5 45. Rb6 Ra4 46. Rb5 h4 47. Rb2 Kg4 48. Kf2 Rf4+ 49. Kg1 Rc4 50. Kf2 h3 51. Ra2 f4 52. Rb2 Re4 53. Rc2 Ra4 54. Rb2 Ra1 55. Rc2 Rh1 56. gxh3+ Kxh3 57. Rc8 Rxh2+ 58. Kf3 g4+ 59. Kxf4 Rf2+ 60. Ke3 Rf7 61. Ke2 Kg2 62. Re8 g3 63. Re6 Kh1 64. Rg6 g2 65. Rh6+ Kg1 66. Re6 Rh7 67. Rg6 Kh1 68. Kf2 Rf7+ 0-1

[Event "Rewal op-B 16th"]
[Site "Rewal"]
[Date "2011.08.19"]
[Round "1"]
[White "Karcz, Bartlomiej"]
[Black "Kiolbasa, Oliwia"]
[Result "1-0"]
[WhiteElo "1943"]
[BlackElo "1701"]
[PlyCount "85"]
[EventDate "2011.08.18"]
[EventType "swiss"]
[EventRounds "9"]
[EventCountry "POL"]
[SourceTitle "CBM 144 Extra"]
[Source "ChessBase"]
[SourceDate "2011.10.28"]
[SourceVersion "1"]
[SourceVersionDate "2011.10.28"]
[SourceQuality "1"]

1. e4 c5 2. Nf3 e6 3. d4 cxd4 4. Nxd4 Nc6 5. Nc3 Qc7 6. Ndb5 Qb8 7. f4 a6 8. Nd4 Bc5 9. Be3 Nxd4 10. Bxd4 Bxd4 11. Qxd4 Qxf4 12. Be2 Nf6 13. g3 Qc7 14. e5 Qc6 15. 0-0-0 Nd5 16. Nxd5 Qxd5 17. Qxd5 exd5 18. Bf3 b5 19. Bxd5 Rb8 20. Rhf1 0-0 21. Rd2 Bb7 22. Bb3 Bc6 23. Rdf2 d5 24. exd6 Rb7 25. Be6 Bg2 26. Rd1 fxe6 27. Rxf8+ Kxf8 28. d7 Rxd7 29. Rxd7 a5 30. a4 bxa4 31. Ra7 e5 32. Rxa5 e4 33. Rxa4 e3 34. Ra3 e2 35. Kd2 Bf1 36. Re3 Kf7 37. Rxe2 Bxe2 38. Kxe2 Ke6 39. Kf3 Kd5 40. Kf4 Kd4 41. h4 Kc4 42. h5 Kd4 43. g4 1-0

[Event "Rewal op-B 15th"]
[Site "Rewal"]
[Date "2010.08.27"]
[Round "8"]
[White "Tobolski, Jakub"]
[Black "Karcz, Bartlomiej"]
[Result "1/2-1/2"]
[WhiteElo "2100"]
[BlackElo "1902"]
[PlyCount "26"]
[EventDate "2010.08.18"]
[EventType "swiss"]
[EventRounds "9"]
[EventCountry "POL"]
[SourceTitle "EXT 2014"]
[Source "ChessBase"]
[SourceDate "2013.11.20"]
[SourceVersion "1"]
[SourceVersionDate "2013.11.20"]
[SourceQuality "1"]

1. e4 e5 2. Nf3 Nc6 3. Bc4 Nf6 4. d3 Be7 5. c3 0-0 6. 0-0 d5 7. exd5 Nxd5 8. Re1 Bf6 9. Nbd2 Nf4 10. Ne4 Ng6 11. Nxf6+ Qxf6 12. Bg5 Qd6 13. Nd2 Na5 1/2-1/2

[Event "POL-chT U19 1st League"]
[Site "Suchedniow"]
[Date "2010.07.12"]
[Round "7"]
[White "Klim, Kamil"]
[Black "Karcz, Bartlomiej"]
[Result "1-0"]
[WhiteElo "2245"]
[BlackElo "1988"]
[PlyCount "79"]
[EventDate "2010.07.06"]
[EventType "team-tourn"]
[EventRounds "9"]
[EventCountry "POL"]
[SourceTitle "EXT 2019"]
[Source "ChessBase"]
[SourceDate "2018.10.10"]
[SourceVersion "1"]
[SourceVersionDate "2018.10.10"]
[SourceQuality "1"]
[WhiteTeam "Gorzow Wielkopolski Stilon U19 II"]
[BlackTeam "Katowice Hetman Szopienice U19"]
[WhiteTeamCountry "POL"]
[BlackTeamCountry "POL"]

1. d4 Nf6 2. c4 e5 3. dxe5 Ng4 4. Bf4 g5 5. Bg3 Nc6 6. Nf3 Bg7 7. Nc3 Ngxe5 8. Nxe5 Nxe5 9. e3 d6 10. h4 h6 11. hxg5 hxg5 12. Rxh8+ Bxh8 13. Qc2 f5 14. Be2 Be6 15. 0-0-0 Qd7 16. c5 d5 17. Nb5 a6 18. Nd4 Nc6 19. Nxe6 Qxe6 20. Bxc7 Rc8 21. Bd6 Nb4 22. Qa4+ b5 23. Qxb4 Qxd6 24. Kb1 Rxc5 25. Qb3 g4 26. a3 Qe5 27. Bd3 Kf7 28. Rh1 Kg6 29. Qb4 Rc4 30. Bxc4 dxc4 31. f3 a5 32. Qd2 Bg7 33. Re1 g3 34. f4 Qc5 35. Rd1 Bf6 36. Qd5 Qxe3 37. Qg8+ Bg7 38. Rd6+ Kh5 39. Qh7+ Kg4 40. Qxg7+ 1-0

[Event "POL-ch U18"]
[Site "Karpacz"]
[Date "2010.03.13"]
[Round "10"]
[White "Skomial, Mateusz"]
[Black "Karcz, Bartlomiej"]
[Result "1-0"]
[WhiteElo "2045"]
[BlackElo "1970"]
[PlyCount "93"]
[EventDate "2010.03.06"]
[EventType "swiss"]
[EventRounds "11"]
[EventCountry "POL"]
[SourceTitle "CBM 135 Extra"]
[Source "ChessBase"]
[SourceDate "2010.05.04"]
[SourceVersion "1"]
[SourceVersionDate "2010.05.04"]
[SourceQuality "1"]

1. e4 e5 2. Nf3 Nc6 3. Bb5 a6 4. Ba4 Nf6 5. 0-0 Be7 6. Re1 b5 7. Bb3 d6 8. c3 0-0 9. h3 Re8 10. d4 Bb7 11. Bg5 h6 12. Bh4 Nd7 13. Bg3 Bf6 14. a4 exd4 15. cxd4 Na5 16. Bc2 b4 17. Nbd2 Rb8 18. b3 Nc6 19. Nf1 a5 20. Ne3 g6 21. Ng4 Bg7 22. Qd2 Kh7 23. Rad1 Nf6 24. Bh4 h5 25. Ne3 Qd7 26. Nc4 d5 27. Nce5 Nxe5 28. dxe5 Ng8 29. exd5 Bh6 30. Bg5 c6 31. Bxh6 Nxh6 32. d6 Kg7 33. Qf4 c5 34. Ng5 Ng8 35. Ne4 Qc6 36. Bd3 Ba6 37. Bxa6 Qxa6 38. Nxc5 Qa7 39. Qd4 Kh7 40. d7 Red8 41. Qd5 Kg7 42. Qd4 Kh7 43. e6 fxe6 44. Nxe6 Qxd4 45. Rxd4 Nf6 46. Nxd8 Rxd8 47. Re5 1-0

[Event "Polanica Zdroj op-B 45th"]
[Site "Polanica Zdroj"]
[Date "2009.08.25"]
[Round "8"]
[White "Goluch, Piotr"]
[Black "Karcz, Bartlomiej"]
[Result "0-1"]
[WhiteElo "2040"]
[BlackElo "1836"]
[PlyCount "60"]
[EventDate "2009.08.18"]
[EventType "swiss"]
[EventRounds "10"]
[EventCountry "POL"]
[SourceTitle "CBM 131 Extra"]
[Source "ChessBase"]
[SourceDate "2009.09.03"]
[SourceVersion "2"]
[SourceVersionDate "2009.09.16"]
[SourceQuality "1"]

1. e4 e5 2. Bc4 Nf6 3. d3 Nc6 4. f4 Bc5 5. Nf3 d6 6. Nc3 Ng4 7. Rf1 Nxh2 8. Rh1 Nxf3+ 9. Qxf3 Nd4 10. Qd1 Qf6 11. f5 c6 12. Na4 b5 13. Nxc5 bxc4 14. Na4 cxd3 15. cxd3 g6 16. g4 gxf5 17. gxf5 Qg7 18. Kf2 Rg8 19. Rg1 Qxg1+ 20. Qxg1 Rxg1 21. Kxg1 Ba6 22. Kf2 Bxd3 23. Nc3 Nc2 24. Rb1 Nb4 25. Ra1 Nc2 26. Rb1 Nb4 27. Ra1 d5 28. Bg5 d4 29. Ne2 Bxe4 30. Ng3 Bd5 0-1

[Event "Polanica Zdroj op-B 45th"]
[Site "Polanica Zdroj"]
[Date "2009.08.19"]
[Round "2"]
[White "Mazalon, Mariusz"]
[Black "Karcz, Bartlomiej"]
[Result "1/2-1/2"]
[WhiteElo "2167"]
[BlackElo "1836"]
[PlyCount "39"]
[EventDate "2009.08.18"]
[EventType "swiss"]
[EventRounds "10"]
[EventCountry "POL"]
[SourceTitle "CBM 131 Extra"]
[Source "ChessBase"]
[SourceDate "2009.09.03"]
[SourceVersion "2"]
[SourceVersionDate "2009.09.16"]
[SourceQuality "1"]

1. d4 Nf6 2. Nf3 d5 3. c4 e6 4. g3 Be7 5. Bg2 0-0 6. 0-0 dxc4 7. Na3 c5 8. Nxc4 Nc6 9. dxc5 Bxc5 10. a3 a5 11. Qc2 Qe7 12. Nce5 Nd4 13. Nxd4 Bxd4 14. Nd3 Rd8 15. Rd1 e5 16. Bg5 Bf5 17. e3 Bxb2 18. Qxb2 Bxd3 19. Bxf6 Qxf6 20. Qxb7 1/2-1/2

[Event "Pszczyna op"]
[Site "Pszczyna"]
[Date "2009.07.14"]
[Round "2"]
[White "Karcz, Bartlomiej"]
[Black "Seifert, Henryk"]
[Result "1-0"]
[WhiteElo "1836"]
[BlackElo "2235"]
[PlyCount "63"]
[EventDate "2009.07.14"]
[EventType "swiss"]
[EventRounds "9"]
[EventCountry "POL"]
[SourceTitle "CBM 131 Extra"]
[Source "ChessBase"]
[SourceDate "2009.09.03"]
[SourceVersion "2"]
[SourceVersionDate "2009.09.16"]
[SourceQuality "1"]

1. e4 e6 2. d4 d5 3. Nd2 c5 4. exd5 exd5 5. Ngf3 Nc6 6. Be2 cxd4 7. 0-0 Bd6 8. Nb3 Nge7 9. Nbxd4 0-0 10. Be3 a6 11. c3 Qc7 12. Qc2 h6 13. h3 Bd7 14. Rad1 Rfe8 15. Bd3 Nxd4 16. Nxd4 Qc8 17. Qd2 Ng6 18. Nf3 Ne5 19. Nxe5 Bxe5 20. Bf4 Bf6 21. Bc2 Bf5 22. Bb3 d4 23. cxd4 Re4 24. Be3 Rh4 25. f3 Qd7 26. Bf2 Bg5 27. Qb4 Rh5 28. g4 Rxh3 29. gxf5 Qxf5 30. Qxb7 Rf8 31. Qe4 Qf6 32. Kg2 1-0

[Event "Pszczyna op"]
[Site "Pszczyna"]
[Date "2009.07.14"]
[Round "1"]
[White "Slezak, Robert"]
[Black "Karcz, Bartlomiej"]
[Result "0-1"]
[WhiteElo "2122"]
[BlackElo "1836"]
[PlyCount "58"]
[EventDate "2009.07.14"]
[EventType "swiss"]
[EventRounds "9"]
[EventCountry "POL"]
[SourceTitle "CBM 131 Extra"]
[Source "ChessBase"]
[SourceDate "2009.09.03"]
[SourceVersion "2"]
[SourceVersionDate "2009.09.16"]
[SourceQuality "1"]

1. e4 e5 2. Nf3 Nc6 3. Bc4 Nf6 4. d3 Bc5 5. 0-0 0-0 6. Nbd2 d6 7. c3 Bg4 8. Re1 Ne7 9. h3 Bd7 10. Nf1 Ng6 11. Ng3 c6 12. Bb3 h6 13. Bd2 Qc7 14. d4 Bb6 15. Qc1 Kh7 16. Nf5 Nxe4 17. N5h4 Nxd2 18. Qxd2 Nxh4 19. Nxh4 f5 20. dxe5 dxe5 21. Qe2 e4 22. Rad1 Rad8 23. Bc2 Qg3 24. Rxd7 Rxd7 25. Nxf5 Rxf5 26. Bxe4 g6 27. Bxf5 gxf5 28. Qe6 Qxf2+ 29. Kh1 Rg7 0-1

[Event "Pszczyna op 4th"]
[Site "Pszczyna"]
[Date "2008.07.18"]
[Round "7"]
[White "Galyga, Jozef"]
[Black "Karcz, Bartlomiej"]
[Result "1/2-1/2"]
[WhiteElo "1884"]
[BlackElo "1856"]
[PlyCount "56"]
[EventDate "2008.07.15"]
[EventType "swiss"]
[EventRounds "9"]
[EventCountry "POL"]
[SourceTitle "CBM 125 Extra"]
[Source "ChessBase"]
[SourceDate "2008.09.01"]
[SourceVersion "1"]
[SourceVersionDate "2008.09.01"]
[SourceQuality "1"]

1. e4 e5 2. Nf3 Nc6 3. Bb5 a6 4. Bxc6 dxc6 5. d3 Bd6 6. Nbd2 b5 7. 0-0 Bg4 8. h3 Bh5 9. c3 Ne7 10. d4 f6 11. Re1 0-0 12. Nf1 exd4 13. cxd4 Kh8 14. a3 Qe8 15. Bd2 Rd8 16. Rc1 Bxf3 17. Qxf3 Ng6 18. Ne3 Bf4 19. Bb4 Rf7 20. g3 Bh6 21. Rcd1 Bxe3 22. Qxe3 Qd7 23. Kg2 Nf8 24. Bxf8 Rfxf8 25. d5 cxd5 26. Rxd5 Qe7 27. Red1 Rxd5 28. Rxd5 Rd8 1/2-1/2

[Event "Pszczyna op 4th"]
[Site "Pszczyna"]
[Date "2008.07.15"]
[Round "2"]
[White "Karcz, Bartlomiej"]
[Black "Szczecina, Kamil"]
[Result "1-0"]
[WhiteElo "1856"]
[BlackElo "1621"]
[PlyCount "65"]
[EventDate "2008.07.15"]
[EventType "swiss"]
[EventRounds "9"]
[EventCountry "POL"]
[SourceTitle "CBM 125 Extra"]
[Source "ChessBase"]
[SourceDate "2008.09.01"]
[SourceVersion "1"]
[SourceVersionDate "2008.09.01"]
[SourceQuality "1"]

1. e4 e5 2. Nf3 Nc6 3. Bc4 Be7 4. d4 exd4 5. Nxd4 d6 6. 0-0 Nf6 7. Re1 0-0 8. Nc3 Bg4 9. f3 Bh5 10. Nf5 Ne5 11. Bb3 Kh8 12. Bg5 h6 13. Bh4 Kh7 14. Nxe7 Qxe7 15. Nd5 Qd8 16. Bxf6 gxf6 17. g4 Bg6 18. f4 Nxg4 19. Qxg4 Rg8 20. Kf1 Bxe4 21. Qh4 Bg2+ 22. Kf2 Bxd5 23. Bxd5 f5 24. Qxd8 Raxd8 25. Re7 c6 26. Rxf7+ Rg7 27. Rxg7+ Kxg7 28. Rg1+ Kf6 29. Bf3 d5 30. Bh5 d4 31. Rg6+ Ke7 32. Be2 Kf7 33. Rxh6 1-0

[Event "POL-chT4 Slaskie"]
[Site "Poland"]
[Date "2008.04.13"]
[Round "5.27"]
[White "Karcz, Bartlomiej"]
[Black "Hagiel, Slawomir"]
[Result "1-0"]
[WhiteElo "1780"]
[BlackElo "1809"]
[PlyCount "49"]
[EventDate "2008.02.10"]
[EventType "team-swiss"]
[EventRounds "9"]
[EventCountry "POL"]
[SourceTitle "EXT 2019"]
[Source "ChessBase"]
[SourceDate "2018.10.10"]
[SourceVersion "1"]
[SourceVersionDate "2018.10.10"]
[SourceQuality "1"]

1. e4 c5 2. g3 d6 3. Bg2 Nc6 4. c3 g6 5. Ne2 Bg7 6. Na3 e5 7. 0-0 Nge7 8. d3 0-0 9. f4 f5 10. Qb3+ Kh8 11. Be3 Rb8 12. Rad1 Na5 13. Qc2 a6 14. d4 cxd4 15. cxd4 Qb6 16. Qd2 exf4 17. Nxf4 Qd8 18. d5 b5 19. b4 Nc4 20. Nxc4 bxc4 21. Bd4 Be5 22. Kh1 fxe4 23. Qc3 Qc7 24. Bxe5+ dxe5 25. d6 1-0

[Event "Chorzow op"]
[Site "Chorzow"]
[Date "2008.04.02"]
[Round "7"]
[White "Noga, Jozef"]
[Black "Karcz, Bartlomiej"]
[Result "0-1"]
[WhiteElo "2102"]
[BlackElo "1797"]
[PlyCount "100"]
[EventDate "2008.03.29"]
[EventType "swiss"]
[EventRounds "9"]
[EventCountry "POL"]
[SourceTitle "EXT 2010"]
[Source "ChessBase"]
[SourceDate "2010.11.25"]
[SourceVersion "1"]
[SourceVersionDate "2010.11.25"]
[SourceQuality "1"]

1. d4 d5 2. Nf3 Nf6 3. c4 e6 4. Nc3 Be7 5. e3 0-0 6. Bd3 b6 7. 0-0 Bb7 8. cxd5 Nxd5 9. e4 Nxc3 10. bxc3 c5 11. Qe2 cxd4 12. cxd4 Nc6 13. Bb2 Nb4 14. Bc4 Rc8 15. Rfc1 Re8 16. a3 Nc6 17. Bb5 Bf6 18. h3 g6 19. Rc2 Re7 20. Rac1 Rec7 21. Ba6 Nxd4 22. Bxd4 Rxc2 23. Rxc2 Bxa6 24. Rxc8 Bxe2 25. Rxd8+ Bxd8 26. Ne5 Bb5 27. f4 Be7 28. Bb2 f6 29. Ng4 Kg7 30. Kf2 h5 31. Ne3 Bc5 32. g4 hxg4 33. hxg4 Kf7 34. e5 g5 35. fxg5 fxg5 36. Kf3 Ba4 37. Nc4 Bd1+ 38. Kg3 Be2 39. Nd6+ Kg6 40. Ne4 Be3 41. Nd6 a6 42. Nc8 b5 43. Ne7+ Kf7 44. Nc6 Bf4+ 45. Kf2 Bxg4 46. Bc3 Bf5 47. Nb8 a5 48. Nc6 a4 49. Ke2 Bc1 50. Bb4 Bb2 0-1

[Event "Chorzow op"]
[Site "Chorzow"]
[Date "2008.03.29"]
[Round "3"]
[White "Fraczek, Leslaw"]
[Black "Karcz, Bartlomiej"]
[Result "1-0"]
[WhiteElo "1937"]
[BlackElo "1797"]
[PlyCount "89"]
[EventDate "2008.03.29"]
[EventType "swiss"]
[EventRounds "9"]
[EventCountry "POL"]
[SourceTitle "EXT 2010"]
[Source "ChessBase"]
[SourceDate "2010.11.25"]
[SourceVersion "1"]
[SourceVersionDate "2010.11.25"]
[SourceQuality "1"]

1. d4 d5 2. c4 e6 3. Nc3 Nf6 4. Bg5 Be7 5. e3 0-0 6. Nf3 b6 7. cxd5 Nxd5 8. Bxe7 Qxe7 9. Nxd5 exd5 10. Bd3 Be6 11. 0-0 Nd7 12. Rc1 Rac8 13. Ba6 Ra8 14. Rxc7 Qb4 15. Qc2 Qa5 16. Bd3 Nf6 17. a3 Rfc8 18. Rc1 Rxc7 19. Qxc7 Qa4 20. Qc6 Qxc6 21. Rxc6 Rc8 22. Ne5 Rxc6 23. Nxc6 a5 24. b4 axb4 25. Nxb4 Kf8 26. h3 h6 27. f3 Ke7 28. Kf2 Kd7 29. e4 dxe4 30. fxe4 Bb3 31. Ke3 g5 32. g4 Ng8 33. Bb5+ Kd6 34. e5+ Ke6 35. Kd3 Ne7 36. Bc4+ Bxc4+ 37. Kxc4 Kd7 38. Nd5 b5+ 39. Kc5 Nc6 40. Nb4 Ne7 41. Kxb5 Ng6 42. a4 Nf4 43. a5 Kc7 44. d5 Nxh3 45. d6+ 1-0